000 00364 a2200169 4500
001 189282
020 _a978-85-16-05563-9
040 _cMagnum
100 _aCony, Carlos Heitor
240 1 0 _aO mistério final
_lpor
245 1 0 _aO mistério final
300 _a127
362 0 _a2007
440 1 _aSalamandra
697 _aLITERATURA JUVENIL
942 _cBK
999 _c189282
_d189282